[Event "Olimpiade 2014 - Open"]
[Site "Tromsø"]
[Date "10.08.2014"]
[Round "8.56"]
[Board "1"]
[White "Nadir, Samir"]
[Black "Zaibi, Amir"]
[Result "1-0"]
[WhiteTitle "CM"]
[BlackTitle "FM"]
[WhiteElo "2141"]
[BlackElo "2297"]
[WhiteTeam "Sudan"]
[BlackTeam "Tunisia"]
[WhiteFideId "12200085"]
[BlackFideId "5500796"]
[EventDate "2014.08.02"]

1. d4 Nf6 2. Nf3 g6 3. Bf4 Bg7 4. e3 Nh5 5. Be5 f6 6. Bg3 Nxg3 7. hxg3 O-O 8.
Nc3 d5 9. e4 c6 10. Bd3 e5 11. dxe5 fxe5 12. Qe2 b5 13. exd5 b4 14. Ne4 cxd5 15.
O-O-O Qe7 16. Neg5 Rxf3 17. Nxf3 Bb7 18. Bb5 e4 19. Nd4 Nd7 20. Bxd7 Qxd7 21. f3
Rc8 22. Kb1 Qe7 23. fxe4 dxe4 24. Qg4 Re8 25. Qh4 Bf6 26. Qf4 e3 27. Nf3 e2 28.
Qc4+ Kg7 29. Rde1 Bxf3 30. gxf3 Qe5 31. c3 bxc3 32. Rxh7+ Kxh7 33. Qf7+ Kh6 34.
Rh1+ Kg5 35. f4+ Kf5 36. fxe5 Rxe5 37. Re1 cxb2 38. Qc4 Re4 39. Qd3 1-0

[Event "Olimpiade 2014 - Open"]
[Site "Tromsø"]
[Date "10.08.2014"]
[Round "8.56"]
[Board "2"]
[White "Amdouni, Zoubaier"]
[Black "Yaaqoub, Rashid"]
[Result "1-0"]
[WhiteTitle "FM"]
[BlackTitle "FM"]
[WhiteElo "2350"]
[BlackElo "2164"]
[WhiteTeam "Tunisia"]
[BlackTeam "Sudan"]
[WhiteFideId "5500419"]
[BlackFideId "12200336"]
[EventDate "2014.08.02"]

1. e4 Nc6 2. Nc3 e5 3. Bc4 Nf6 4. d3 Bc5 5. Be3 d6 6. Qd2 Nd4 7. Nce2 d5 8. exd5
Nxd5 9. Bxd4 exd4 10. a3 O-O 11. Nf3 Re8 12. O-O Nb6 13. Ba2 Bg4 14. Qf4 Be6 15.
Bxe6 Rxe6 16. Nexd4 Rf6 17. Qe4 Nd5 18. Nf5 Qd7 19. Ng3 Rf4 20. Qe2 Re8 21. Qd2
Bd6 22. Rae1 Rxe1 23. Rxe1 h5 24. Qe2 Nf6 25. Ng5 Qb5 26. N3e4 Nxe4 27. Nxe4 Bf8
28. c4 Qd7 29. Qe3 Rg4 30. h3 Rg6 31. d4 Qc6 32. Qe2 Qe6 33. Qxh5 Qxc4 34. Ng5
Rh6 35. Qf3 c6 36. b3 Qd5 37. Qxd5 cxd5 38. Re8 Rb6 39. b4 f6 40. Nh7 Kxh7 41.
Rxf8 Ra6 42. Rd8 Rxa3 43. Rxd5 Rb3 44. b5 Kg6 45. Kf1 Rb2 46. Ke1 b6 47. g4 Kf7
48. Rd7+ Kf8 49. Rxa7 Rxb5 50. Ke2 Rb3 51. Rb7 b5 52. d5 g5 53. d6 Ke8 54. Re7+
Kf8 55. Re6 Kf7 56. d7 Kxe6 57. d8=Q Rxh3 58. Qe8+ Kd6 59. Qxb5 Ke7 60. Qb7+ Ke6
61. Qg2 Rc3 62. Qe4+ Kf7 63. Kd2 Rc5 64. Kd3 Re5 65. Qxe5 fxe5 66. Ke4 1-0

[Event "Olimpiade 2014 - Open"]
[Site "Tromsø"]
[Date "10.08.2014"]
[Round "8.56"]
[Board "3"]
[White "Ahmed, Abuzied"]
[Black "Boudriga, Med Ali"]
[Result "0-1"]
[BlackTitle "FM"]
[WhiteElo "2154"]
[BlackElo "2282"]
[WhiteTeam "Sudan"]
[BlackTeam "Tunisia"]
[WhiteFideId "12200590"]
[BlackFideId "5500460"]
[EventDate "2014.08.02"]

1. e4 c5 2. Nf3 d6 3. d4 cxd4 4. Nxd4 Nf6 5. Nc3 a6 6. Bg5 Nbd7 7. f4 Qb6 8.
Bxf6 Nxf6 9. e5 Qxb2 10. Bb5+ axb5 11. Ndxb5 Ne4 12. Nd5 Rxa2 13. Ndc7+ Kd8 14.
Rxa2 Qxa2 15. O-O Qc4 16. Qe1 Nc3 17. Nxc3 Qxc7 18. Kh1 e6 19. Qh4+ Ke8 20. Qg3
h5 21. exd6 Qxd6 22. Rd1 Qc6 23. Qd3 Be7 24. Nb5 h4 25. h3 Rh5 26. c4 g6 27. Qd4
e5 28. fxe5 Bxh3 29. Rd2 Bxg2+ 30. Kh2 h3 31. Nd6+ Kf8 32. c5 Rh4 33. Qe3 Qf3
34. Qxf3 Bxf3 35. Rf2 Bd5 36. Rd2 Bc6 37. Rf2 Bxd6 38. exd6 Rc4 0-1

[Event "Olimpiade 2014 - Open"]
[Site "Tromsø"]
[Date "10.08.2014"]
[Round "8.56"]
[Board "4"]
[White "Bouzidi, Ahmed"]
[Black "Ahmed Holi Ali, Moawia"]
[Result "1-0"]
[BlackTitle "CM"]
[WhiteElo "2231"]
[BlackElo "2067"]
[WhiteTeam "Tunisia"]
[BlackTeam "Sudan"]
[WhiteFideId "5501733"]
[BlackFideId "12200328"]
[EventDate "2014.08.02"]

1. e4 Nc6 2. Nf3 d6 3. d4 g6 4. Nc3 a6 5. Bc4 Bg7 6. Bg5 Nf6 7. e5 dxe5 8. dxe5
Qxd1+ 9. Rxd1 Ng4 10. Nd5 O-O 11. Nxc7 Ra7 12. Nd5 b5 13. Bb3 Ngxe5 14. Nxe5
Bxe5 15. c3 Be6 16. O-O Kg7 17. Rfe1 Rd8 18. Rd2 Rad7 19. Red1 f6 20. Be3 Na5
21. Nc7 Bxc7 22. Bxe6 Rxd2 23. Rxd2 Rxd2 24. Bxd2 Nc4 25. Bc1 Nd6 26. Bf4 Bb6
27. Kf1 g5 28. Bd2 h6 29. g3 f5 30. Ke2 Kf6 31. Bd5 e6 32. Bc6 e5 33. b3 a5 34.
a4 bxa4 35. bxa4 Ke6 36. f3 Nc4 37. Bc1 f4 38. Bb5 Nd6 39. Kd3 h5 40. gxf4 gxf4
41. Ba3 h4 42. h3 Bf2 43. c4 Nf7 44. c5 Ng5 45. Ke2 Bd4 46. c6 Bb6 47. Bc5 Bc7
48. Bc4+ Kf5 49. Be7 Nxh3 50. Bxh4 e4 51. fxe4+ Kxe4 52. Bd3+ Ke5 53. Kf3 Kd6
54. Kg2 Kxc6 55. Kxh3 Kd5 56. Kg4 Kd4 57. Bb5 Ke3 58. Bg5 Ke4 59. Bc6+ Ke3 60.
Bf3 Bd6 61. Bd8 Bb4 62. Bc7 Kd3 63. Kxf4 Kc4 64. Ke4 Kc5 65. Bg3 Bd2 66. Kd3 Bb4
67. Bf2+ Kd6 68. Kc4 Kc7 69. Kb5 1-0

[Event "Olimpiade 2014 - Open"]
[Site "Tromsø"]
[Date "10.08.2014"]
[Round "8.57"]
[Board "1"]
[White "Iyti, Basher"]
[Black "Harper, Ryan"]
[Result "1/2-1/2"]
[WhiteTitle "IM"]
[BlackTitle "FM"]
[WhiteElo "2263"]
[BlackElo "2236"]
[WhiteTeam "Syria"]
[BlackTeam "Trinidad & Tobago"]
[WhiteFideId "7601875"]
[BlackFideId "7700156"]
[EventDate "2014.08.02"]

1. d4 d5 2. Nf3 Nf6 3. Bg5 Ne4 4. Bf4 c5 5. c3 Nc6 6. e3 Qb6 7. Qb3 c4 8. Qxb6
axb6 9. Nbd2 Nxd2 10. Nxd2 b5 11. e4 e6 12. Be2 b4 13. O-O bxc3 14. bxc3 b5 15.
Bf3 Ne7 16. Rfb1 Bd7 17. Bd6 Bc6 18. exd5 exd5 19. a4 Rxa4 20. Rxa4 bxa4 21. Bc5
Kd7 22. Bh5 g6 23. Bg4+ f5 24. Bd1 Nc8 25. Bxf8 Rxf8 26. Nf3 Kc7 27. Ne5 Nb6 28.
Ra1 Ra8 29. Ra3 Be8 30. Kf1 Ra5 31. Ke2 Rb5 32. Bc2 Ra5 33. Kd2 Nc8 34. Nf3 h6
35. Ne5 Nd6 36. f3 Ra6 37. g4 fxg4 38. Nxg4 Nf7 39. Ne3 Ng5 40. Nxd5+ Kd6 41.
Nf6 Bc6 42. Ke3 Ra7 43. Ne4+ Kc7 44. h4 Nf7 45. Nf6 g5 46. hxg5 hxg5 47. d5 Bb5
48. Kd4 Nd6 49. Ke5 Ra8 50. Ne4 Re8+ 51. Kd4 Rc8 52. Kc5 Kd7+ 53. Kb6 Rb8+ 54.
Ka7 Rb7+ 55. Ka8 Rb6 56. Nc5+ Kc7 57. Ne6+ Kc8 58. Nc5 Kc7 59. Ne6+ Kc8 60. Nc5
Bd7 61. Ka7 Rb5 62. Nxd7 Rb7+ 63. Ka6 Kxd7 64. Bxa4+ Kc7 65. Bc6 Rb3 66. Ra1
Rxc3 67. Ka5 Rxf3 68. Re1 Rf7 69. Kb4 g4 70. Re6 Rg7 71. Re2 g3 72. Rg2 Kb6 73.
Ba8 Rg4 74. Bc6 Rg5 75. Bd7 Rg8 76. Bh3 Kc7 77. Kc5 Rf8 78. Re2 c3 79. Re7+ Kb8
80. Kxd6 c2 81. Re1 Rh8 82. Bf5 g2 83. Bxc2 Rh1 84. Re8+ Ka7 85. Rg8 g1=Q 86.
Rxg1 Rxg1 87. Bf5 Kb6 88. Be6 Rg7 89. Bf5 Rg5 90. Be6 Rg3 91. Bf5 Rg1 92. Be6
Rd1 93. Bg4 Rd2 94. Be6 Kb5 95. Bf7 Kc4 96. Be6 Kd4 97. Bc8 Rh2 98. Bd7 Rh6+ 99.
Be6 Rg6 100. Ke7 Ke5 101. Kf7 Rf6+ 102. Ke7 Rh6 103. Kd7 Rh2 104. Ke7 Rh6 105.
Kd7 Rh7+ 106. Kc6 Rh2 107. Kc7 Ra2 108. Kc6 Ra6+ 109. Kb7 Ra3 110. Kc6 Rc3+ 111.
Kd7 Rc1 112. Bg8 Ra1 113. Be6 1/2-1/2

[Event "Olimpiade 2014 - Open"]
[Site "Tromsø"]
[Date "10.08.2014"]
[Round "8.57"]
[Board "2"]
[White "Winter Atwell, Adrian"]
[Black "Omrani, Hasan"]
[Result "0-1"]
[WhiteTitle "CM"]
[WhiteElo "2110"]
[BlackElo "2085"]
[WhiteTeam "Trinidad & Tobago"]
[BlackTeam "Syria"]
[WhiteFideId "7700750"]
[BlackFideId "7601735"]
[EventDate "2014.08.02"]

1. e4 c6 2. d4 g6 3. c4 Bg7 4. Nf3 d6 5. h3 Nf6 6. Nc3 O-O 7. Be2 Nbd7 8. O-O e5
9. d5 c5 10. a3 Nh5 11. Nb5 Ndf6 12. Nh2 Nf4 13. Bxf4 exf4 14. Bf3 a6 15. Nc3
Nd7 16. Qc1 g5 17. Rb1 Ne5 18. Ne2 f5 19. exf5 Bxf5 20. Bg4 Bxb1 21. Be6+ Kh8
22. Qxb1 Nxc4 23. Qc2 Ne5 24. Qe4 Qf6 25. g4 Qh6 26. f3 Qxh3 27. Kh1 b5 28. Ng1
Qh4 29. Ne2 Qh3 30. Ng1 Qh6 31. Qe2 Qf6 32. Rf2 Ng6 33. Nf1 Qe5 34. Qc2 Nh4 35.
Re2 Qd4 36. Rd2 Qf6 37. Rh2 Rae8 38. Qe2 Qe5 39. Qd3 c4 40. Qd2 Re7 41. Re2 Qd4
42. Qc1 Rfe8 43. Rd2 Qf6 44. a4 Rxe6 45. dxe6 Rxe6 46. axb5 axb5 47. Qa1 Qd8 48.
Rd5 b4 49. Ra5 Re8 50. Qa4 c3 51. bxc3 bxc3 52. Ra7 h6 53. Qc6 d5 54. Ne2 d4 55.
Nxd4 Rg8 56. Rd7 Qa8 57. Qxc3 Rc8 58. Qd3 Qa2 59. Nd2 Qa1+ 60. Kh2 Qe1 61. Qe2
Qg3+ 62. Kh1 Rc1+ 63. Nf1 Qh3+ 64. Kg1 Bxd4+ 65. Rxd4 Rxf1+ 66. Qxf1 Nxf3+ 0-1

[Event "Olimpiade 2014 - Open"]
[Site "Tromsø"]
[Date "10.08.2014"]
[Round "8.57"]
[Board "3"]
[White "Akhras, Khaled"]
[Black "Singh, Ravishen"]
[Result "1-0"]
[BlackTitle "CM"]
[WhiteElo "2246"]
[BlackElo "2104"]
[WhiteTeam "Syria"]
[BlackTeam "Trinidad & Tobago"]
[WhiteFideId "7600909"]
[BlackFideId "7700199"]
[EventDate "2014.08.02"]

1. c4 Nf6 2. g3 g6 3. Bg2 Bg7 4. Nc3 O-O 5. d4 d6 6. Nf3 c6 7. O-O a6 8. Qb3
Nbd7 9. Rd1 c5 10. e3 Rb8 11. a4 b6 12. Bd2 Bb7 13. d5 Ne8 14. Ne2 Nc7 15. e4
Bc8 16. Bc3 Bh6 17. Qc2 b5 18. axb5 axb5 19. b3 bxc4 20. bxc4 Na6 21. Rdb1 Rxb1+
22. Rxb1 Bg7 23. Bxg7 Kxg7 24. Qc3+ Kg8 25. Nf4 Nb4 26. e5 h6 27. h4 Kh7 28. Re1
Nb6 29. exd6 exd6 30. Nd2 Na4 31. Qb3 Bd7 32. h5 Qf6 33. hxg6+ fxg6 34. Be4 Nc3
35. Bxg6+ Kh8 36. Ne4 Nxe4 37. Rxe4 Qa1+ 38. Kg2 Ba4 39. Qe3 Nc2 40. Qd2 Qg7 41.
Re6 Nd4 42. Nh5 Nf3 43. Qe3 1-0

[Event "Olimpiade 2014 - Open"]
[Site "Tromsø"]
[Date "10.08.2014"]
[Round "8.57"]
[Board "4"]
[White "Merritt, Mario"]
[Black "Al-Tarbosh, Ward"]
[Result "0-1"]
[WhiteTitle "FM"]
[BlackTitle "FM"]
[WhiteElo "2078"]
[BlackElo "2272"]
[WhiteTeam "Trinidad & Tobago"]
[BlackTeam "Syria"]
[WhiteFideId "7700148"]
[BlackFideId "7601450"]
[EventDate "2014.08.02"]

1. c4 c5 2. g3 g6 3. Bg2 Bg7 4. Nc3 Nc6 5. Nf3 Nh6 6. h4 d6 7. h5 Bg4 8. hxg6
hxg6 9. d3 Qd7 10. Bxh6 Rxh6 11. Qd2 Rxh1+ 12. Bxh1 a6 13. O-O-O b5 14. Kb1 Rb8
15. cxb5 axb5 16. Qf4 Bxc3 17. bxc3 b4 18. c4 b3 19. a3 b2 20. Rd2 Bxf3 21. Bxf3
Nd4 22. Rxb2 Rxb2+ 23. Kxb2 Qa4 24. Qd2 Qb3+ 25. Kc1 Qxa3+ 26. Qb2 Qa7 27. Bg2
Qa5 28. Qb8+ Kd7 29. Bh3+ f5 30. Qb7+ Ke8 31. e3 Qc3+ 0-1

[Event "Olimpiade 2014 - Open"]
[Site "Tromsø"]
[Date "10.08.2014"]
[Round "8.58"]
[Board "1"]
[White "Ferster, Fabian"]
[Black "Warner, Delisle"]
[Result "0-1"]
[WhiteTitle "CM"]
[BlackTitle "IM"]
[WhiteElo "2137"]
[BlackElo "2243"]
[WhiteTeam "Liechtenstein"]
[BlackTeam "Barbados"]
[WhiteFideId "4695330"]
[BlackFideId "11100109"]
[EventDate "2014.08.02"]

1. c4 c5 2. Nc3 b6 3. Nf3 Bb7 4. e3 g6 5. Be2 Bg7 6. O-O d6 7. d4 cxd4 8. exd4
Nd7 9. Bg5 Rc8 10. Rc1 Bxf3 11. Bxf3 Rxc4 12. Qb3 Rxd4 13. Nb5 Nc5 14. Qc3 Ne6
15. Qc6+ Kf8 16. Nxd4 Bxd4 17. Qb7 Bc5 18. Bd2 a5 19. a3 a4 20. Bc3 Nf6 21. Bxf6
exf6 22. Rfe1 f5 23. Bd5 Qf6 24. Rc2 Nd4 25. Rd2 Kg7 26. Re7 Rf8 27. Rd3 f4 28.
Rh3 h5 29. Kh1 Nf5 30. Rc7 Bxf2 31. Rhc3 Bd4 32. Rc2 h4 33. Rd7 Ng3+ 34. hxg3
hxg3 35. Rxf7+ Rxf7 36. Qxf7+ Qxf7 37. Bxf7 Kxf7 38. Rc4 Be3 39. Rxa4 g5 40. Rc4
g4 41. Rc3 d5 42. a4 d4 43. Rd3 f3 44. gxf3 gxf3 45. Rd1 d3 46. b4 d2 47. a5
bxa5 48. bxa5 g2+ 0-1

[Event "Olimpiade 2014 - Open"]
[Site "Tromsø"]
[Date "10.08.2014"]
[Round "8.58"]
[Board "2"]
[White "Denny, Kevin"]
[Black "Kobler, Mario"]
[Result "0-1"]
[WhiteTitle "IM"]
[WhiteElo "2261"]
[BlackElo "2113"]
[WhiteTeam "Barbados"]
[BlackTeam "Liechtenstein"]
[WhiteFideId "11100028"]
[BlackFideId "12000094"]
[EventDate "2014.08.02"]

1. e4 Nf6 2. e5 Nd5 3. d4 d6 4. Nf3 Bg4 5. Be2 e6 6. O-O Ne7 7. c4 d5 8. Nc3 c6
9. Qb3 Qb6 10. c5 Qc7 11. Qa4 Nd7 12. b4 b6 13. Be3 Nf5 14. b5 bxc5 15. bxc6 Nb6
16. Nb5 Qc8 17. Qa5 c4 18. Rab1 Qxc6 19. Nxa7 Qc7 20. Rxb6 Qxa7 21. Qb5+ Qd7 22.
Rb8+ Rxb8 23. Qxb8+ Qd8 24. Qb5+ Qd7 25. Qb8+ Qd8 26. Rb1 Be7 27. Qb5+ Qd7 28.
Qb8+ Qd8 29. Qa7 O-O 30. Rb7 Bxf3 31. gxf3 Nxe3 32. fxe3 Bh4 33. f4 Be1 34. Re7
Bb4 35. Rb7 Qh4 36. Kg2 Be1 37. Rb8 Qf2+ 38. Kh1 Bb4 39. Rxf8+ Bxf8 0-1

[Event "Olimpiade 2014 - Open"]
[Site "Tromsø"]
[Date "10.08.2014"]
[Round "8.58"]
[Board "3"]
[White "Mannhart, Marcel"]
[Black "Del Castilho, Martyn"]
[Result "0-1"]
[WhiteTitle "CM"]
[BlackTitle "FM"]
[WhiteElo "2105"]
[BlackElo "2221"]
[WhiteTeam "Liechtenstein"]
[BlackTeam "Barbados"]
[WhiteFideId "12000108"]
[BlackFideId "11100400"]
[EventDate "2014.08.02"]

1. Nc3 Nf6 2. e4 e5 3. g3 Nc6 4. Bg2 Bc5 5. d3 a6 6. Nh3 d6 7. f3 h6 8. Nf2 Nd4
9. Ne2 d5 10. Nxd4 Bxd4 11. c3 Ba7 12. Qe2 dxe4 13. dxe4 Be6 14. Be3 Bxe3 15.
Qxe3 O-O 16. O-O Qe7 17. Rfd1 a5 18. Bf1 Rfd8 19. Rxd8+ Rxd8 20. Be2 b6 21. a3
Bb3 22. Bd1 Qe6 23. Qe2 Bc4 24. Qe3 Qd7 25. Rc1 Qd2 26. Qxd2 Rxd2 27. Rc2 Rd8
28. Rc1 Nd7 29. Bc2 Nc5 30. Rd1 Rxd1+ 31. Nxd1 a4 32. Kf2 Kf8 33. Ke3 Ke7 34.
Nf2 Kd6 35. Bd1 b5 36. Bc2 c6 37. Bd1 Nd7 38. Bc2 Nb6 39. h4 Be6 40. Bd3 Kc5 41.
Nd1 Bb3 42. Nf2 Bc4 43. Bb1 h5 44. Kd2 f6 45. Bc2 g5 46. Bb1 Nd7 47. hxg5 fxg5
48. Ke1 Nf8 49. Nd1 Ne6 50. Ne3 h4 51. Kf2 Nf8 52. Kg2 Ng6 53. Kh3 Be6+ 54. Nf5
hxg3 55. Kxg3 Nf4 56. Kg4 Kc4 57. Ba2+ Kd3 58. Bxe6 Nxe6 59. Ne7 Nd8 60. Kxg5
Kc2 61. Ng6 Kxb2 62. Nxe5 Kxa3 63. f4 Kb3 64. f5 a3 65. f6 a2 66. Nxc6 Nxc6 67.
f7 Nd8 68. Kg6 Nxf7 0-1

[Event "Olimpiade 2014 - Open"]
[Site "Tromsø"]
[Date "10.08.2014"]
[Round "8.58"]
[Board "4"]
[White "Poon, Yu Tien"]
[Black "Guller, Andras"]
[Result "1/2-1/2"]
[WhiteTitle "FM"]
[BlackTitle "CM"]
[WhiteElo "2070"]
[BlackElo "2042"]
[WhiteTeam "Barbados"]
[BlackTeam "Liechtenstein"]
[WhiteFideId "11101393"]
[BlackFideId "12000078"]
[EventDate "2014.08.02"]

1. d4 d5 2. c4 c6 3. Nf3 Nf6 4. Nc3 g6 5. Bg5 Bg7 6. e3 O-O 7. Bd3 Be6 8. Nd2
Nbd7 9. O-O Re8 10. Qe2 dxc4 11. Nxc4 Nb6 12. Nd2 h6 13. Bh4 Nbd5 14. a3 Nxc3
15. bxc3 Qa5 16. Rfc1 Qh5 17. Qxh5 Nxh5 18. Rab1 g5 19. Be2 Nf6 20. Bg3 b6 21.
f3 Red8 22. a4 c5 23. Ba6 Nh5 24. Bf2 Bc8 25. Bb5 Bd7 26. a5 bxa5 27. Ne4 Bxb5
28. Rxb5 cxd4 29. cxd4 Rac8 30. Rxc8 Rxc8 31. g4 Nf6 32. Nxf6+ Bxf6 33. Rxa5 Rc7
34. e4 e6 35. d5 exd5 36. Rxd5 Rc1+ 37. Kg2 Ra1 38. Rd6 Be5 39. Rxh6 Ra2 40. Kf1
Ra1+ 41. Kg2 Ra2 42. Kf1 Ra1+ 43. Ke2 Ra2+ 1/2-1/2

[Event "Olimpiade 2014 - Open"]
[Site "Tromsø"]
[Date "10.08.2014"]
[Round "8.59"]
[Board "1"]
[White "Salih, Akar Ali Salih"]
[Black "Olape, Bunmi"]
[Result "0-1"]
[WhiteTitle "FM"]
[BlackTitle "IM"]
[WhiteElo "2315"]
[BlackElo "2273"]
[WhiteTeam "Iraq"]
[BlackTeam "Nigeria"]
[WhiteFideId "4800575"]
[BlackFideId "8500290"]
[EventDate "2014.08.02"]

1. e4 e5 2. Nf3 Nf6 3. Nxe5 d6 4. Nf3 Nxe4 5. d4 d5 6. Bd3 Be7 7. O-O O-O 8. Re1
Nf6 9. Nbd2 Nbd7 10. Nf1 Re8 11. Ng3 Nf8 12. Nf5 Bxf5 13. Bxf5 Bd6 14. Bg5 Rxe1+
15. Qxe1 h6 16. Be3 Qe7 17. Qc3 Re8 18. Qb3 c6 19. Re1 Qc7 20. c3 Re7 21. Qd1
Qd8 22. Bc2 Ng4 23. Bc1 Qe8 24. Rxe7 Qxe7 25. h3 Nf6 26. Nh4 Qe6 27. Nf5 Bc7 28.
Ne3 Ng6 29. Bf5 Qe7 30. g3 Nf8 31. Kg2 Ne6 32. Ng4 Ne8 33. Qe2 Nf4+ 0-1

[Event "Olimpiade 2014 - Open"]
[Site "Tromsø"]
[Date "10.08.2014"]
[Round "8.59"]
[Board "2"]
[White "Kigigha, Bomo"]
[Black "Noah, A .H. Al-Ali"]
[Result "1-0"]
[WhiteTitle "CM"]
[BlackTitle "IM"]
[WhiteElo "2197"]
[BlackElo "2326"]
[WhiteTeam "Nigeria"]
[BlackTeam "Iraq"]
[WhiteFideId "8500037"]
[BlackFideId "4800249"]
[EventDate "2014.08.02"]

1. c4 e5 2. g3 Nf6 3. Bg2 d5 4. cxd5 Nxd5 5. Nc3 Nb6 6. Nf3 Nc6 7. O-O Be7 8. a3
O-O 9. d3 Bg4 10. b4 a6 11. Be3 Re8 12. h3 Bh5 13. Nd2 Rb8 14. Nc4 Nxc4 15. dxc4
Nd4 16. Ra2 Bg6 17. Rd2 c5 18. Nd5 b5 19. f4 f6 20. Bf2 bxc4 21. e3 Nb3 22.
Nxf6+ Bxf6 23. Rxd8 Rbxd8 24. Qe2 Bd3 25. Qa2 e4 26. Rd1 a5 27. bxc5 a4 28. Be1
Rd5 29. Bb4 Kh8 30. g4 h6 31. h4 c3 32. g5 c2 33. Re1 hxg5 34. hxg5 Be7 35. c6
Bd8 36. Bh3 Bb6 37. Kf2 Red8 38. Be6 c1=Q 39. Rxc1 Nxc1 40. Qb2 Bb5 41. Qxc1 Rd1
42. Qc2 Rf1+ 43. Kg3 Rg1+ 44. Kh4 Rh1+ 45. Kg4 Bc7 46. Bd7 Bd3 47. Qg2 1-0

[Event "Olimpiade 2014 - Open"]
[Site "Tromsø"]
[Date "10.08.2014"]
[Round "8.59"]
[Board "3"]
[White "Mohammed, Zozek Salah Mohammed"]
[Black "Ajibowo, Olamide Patrick"]
[Result "1-0"]
[WhiteTitle "CM"]
[BlackTitle "FM"]
[WhiteElo "2226"]
[BlackElo "2168"]
[WhiteTeam "Iraq"]
[BlackTeam "Nigeria"]
[WhiteFideId "4803361"]
[BlackFideId "8500444"]
[EventDate "2014.08.02"]

1. Nf3 c5 2. g3 Nc6 3. Bg2 d5 4. d4 e6 5. O-O Nf6 6. c4 Be7 7. cxd5 Nxd5 8. dxc5
O-O 9. a3 Bxc5 10. Qc2 Be7 11. Rd1 Qb6 12. e4 Nf6 13. Be3 Qa5 14. Nc3 Ng4 15.
Bf4 Qh5 16. h3 e5 17. Rd5 g5 18. hxg4 Bxg4 19. Nxe5 Be6 20. Nxc6 bxc6 21. Bd6
cxd5 22. Bxe7 Rfe8 23. exd5 Rxe7 24. dxe6 Rd8 25. exf7+ Qxf7 26. Rd1 Rxd1+ 27.
Qxd1 Kg7 28. Qd4+ Kh6 29. Be4 Qe6 30. a4 Rd7 31. Nd5 Rf7 32. b4 Qd6 33. b5 Rc7
34. a5 Rc1+ 35. Kg2 Rc7 36. b6 axb6 37. axb6 Rf7 38. Qb4 Qb8 39. Ne3 Qf8 40.
Qxf8+ Rxf8 41. b7 Rb8 42. Nc2 Kg7 43. Nb4 h6 44. Na6 1-0

[Event "Olimpiade 2014 - Open"]
[Site "Tromsø"]
[Date "10.08.2014"]
[Round "8.59"]
[Board "4"]
[White "Balogun, Oluwafemi"]
[Black "Al-Khattab, Ghassan M. Ali Ajmed"]
[Result "1-0"]
[WhiteTitle "CM"]
[BlackTitle "FM"]
[WhiteElo "2187"]
[BlackElo "2140"]
[WhiteTeam "Nigeria"]
[BlackTeam "Iraq"]
[WhiteFideId "8501246"]
[BlackFideId "4800168"]
[EventDate "2014.08.02"]

1. Nf3 Nf6 2. d3 d5 3. g3 c6 4. Bg2 Bg4 5. O-O Nbd7 6. Nbd2 e6 7. b3 Be7 8. Bb2
O-O 9. e4 Qc7 10. Qe1 a5 11. a3 a4 12. b4 c5 13. b5 c4 14. dxc4 dxe4 15. Ng5 Nb6
16. Ngxe4 Nxc4 17. Nxf6+ Bxf6 18. Bxf6 gxf6 19. Ne4 Kg7 20. Qc3 e5 21. h3 Be6
22. g4 Rad8 23. Rfd1 Rxd1+ 24. Rxd1 Qe7 25. Rd3 Nb6 26. Ng3 Rd8 27. Nh5+ Kf8 28.
Rxd8+ Qxd8 29. Qc5+ Kg8 30. Bxb7 Nd7 31. Qe3 Qf8 32. Bc6 Nb8 33. Nxf6+ Kg7 34.
Qg5+ Kh8 35. Qxe5 Nxc6 36. bxc6 h6 37. c7 1-0

[Event "Olimpiade 2014 - Open"]
[Site "Tromsø"]
[Date "10.08.2014"]
[Round "8.60"]
[Board "1"]
[White "Lee, Sanghoon"]
[Black "Jones, Richard S."]
[Result "1/2-1/2"]
[WhiteTitle "FM"]
[BlackTitle "IM"]
[WhiteElo "2114"]
[BlackElo "2414"]
[WhiteTeam "South Korea"]
[BlackTeam "Wales"]
[WhiteFideId "13200011"]
[BlackFideId "1800833"]
[EventDate "2014.08.02"]

1. c4 e5 2. g3 Nf6 3. Bg2 g6 4. Nc3 Bg7 5. e4 O-O 6. Nge2 d6 7. O-O Be6 8. d3
Qd7 9. Nd5 c6 10. Nxf6+ Bxf6 11. Bh6 Bg7 12. Bxg7 Kxg7 13. b3 c5 14. f4 Bg4 15.
Bf3 Bh3 16. Bg2 Bxg2 17. Kxg2 exf4 18. Nxf4 Nc6 19. Nd5 f5 20. exf5 Rxf5 21.
Rxf5 Qxf5 22. Qe2 Ne5 23. Rd1 Rf8 24. d4 Nf3 25. dxc5 dxc5 26. Rf1 Qe5 27. Qxe5+
Nxe5 28. Rxf8 Kxf8 29. Nf6 h6 30. Ne4 b6 31. h3 Ke7 32. Kf2 Ke6 33. Ke3 Nc6 34.
Nc3 Kf5 35. Nb5 Ke5 36. Nc3 Nb4 37. Nb5 Nc6 38. Nc3 Nb4 39. Nb5 Nc6 1/2-1/2

[Event "Olimpiade 2014 - Open"]
[Site "Tromsø"]
[Date "10.08.2014"]
[Round "8.60"]
[Board "2"]
[White "Kett, Tim"]
[Black "Kim, Saebyeok"]
[Result "1-0"]
[WhiteElo "2244"]
[BlackElo "1873"]
[WhiteTeam "Wales"]
[BlackTeam "South Korea"]
[WhiteFideId "1801210"]
[BlackFideId "13200518"]
[EventDate "2014.08.02"]

1. e4 c5 2. a3 g6 3. b4 Bg7 4. Nc3 d6 5. Nf3 Nc6 6. Bb2 e6 7. bxc5 dxc5 8. Bc4
Nge7 9. O-O O-O 10. d3 Qa5 11. Qd2 Nd4 12. Nxd4 Bxd4 13. Rab1 a6 14. a4 Bd7 15.
Rfd1 Qc7 16. Qg5 Bc6 17. Ne2 Bxb2 18. Rxb2 e5 19. a5 Kg7 20. Ng3 h6 21. Qg4 Kh7
22. Rf1 f5 23. exf5 Nxf5 24. Ne4 Bd7 25. Rb6 Ne7 26. Qg3 Bf5 27. Nd6 Rab8 28.
Qxe5 Nc8 29. Re1 Nxb6 30. axb6 Qg7 31. Qxc5 Kh8 32. h3 Bd7 33. Qc7 Qf6 34. Nf7+
Rxf7 35. Bxf7 Rf8 36. Qxd7 Rxf7 37. Qe8+ Kh7 38. Qe3 Qc3 39. Re2 Qa1+ 40. Kh2 a5
41. Qe5 Qa3 42. d4 Qb2 43. Qc7 Rg7 44. Qd8 Qc1 45. Qf8 g5 46. Qf5+ Kh8 47. Re8+
Rg8 48. Qf6+ 1-0

[Event "Olimpiade 2014 - Open"]
[Site "Tromsø"]
[Date "10.08.2014"]
[Round "8.60"]
[Board "3"]
[White "Kim, Changhoon"]
[Black "Sands, David A"]
[Result "0-1"]
[WhiteElo "1846"]
[BlackElo "2210"]
[WhiteTeam "South Korea"]
[BlackTeam "Wales"]
[WhiteFideId "34117234"]
[BlackFideId "402060"]
[EventDate "2014.08.02"]

1. d4 d5 2. c4 c6 3. Nf3 Nf6 4. Nc3 dxc4 5. a4 Bf5 6. Ne5 Nbd7 7. Nxc4 Qc7 8. g3
e5 9. dxe5 Nxe5 10. Bf4 Nfd7 11. Bg2 f6 12. O-O Nc5 13. Bxe5 fxe5 14. e4 Bg6 15.
Ne3 Be7 16. Qg4 O-O 17. h4 Qc8 18. Qxc8 Raxc8 19. Nc4 Bf6 20. b4 Nb3 21. Rad1
Rcd8 22. Nd6 Be7 23. Nxb7 Rxd1 24. Rxd1 Bxb4 25. Na2 Be7 26. Nc1 Nd4 27. Nd3 Bh5
28. Rd2 Rb8 29. Rb2 Nf3+ 30. Kf1 c5 31. Na5 Rd8 32. Bxf3 Bxf3 33. Ne1 Bxe4 34.
Re2 Rd4 35. f3 Bd5 36. Rxe5 Bd6 37. Rg5 Be7 38. Rg4 Rxg4 39. fxg4 Bd8 40. Nd3
Bxa5 41. Nxc5 Bb4 42. Nd7 Bd6 0-1